000 00894nam a22002537a 4500
001 7102
003 FISKH
005 20250623142245.0
008 250623b cb ||||| |||| 00| 0 eng d
020 _a9780531265536
040 _aFISKH
_beng
_cFISKH
_dFISKH
050 _aJK40 .B87
082 _a320.473
100 _aBurgan, Michael
245 _aThe branches of U.S. government /
_cBy Michael Burgan
260 _aNew York :
_bScholastic ,
_c2012.
300 _a64 pages :
_bcolor illustrations , maps ;
_c23 cm .
490 _aCornerstones of Freedom
_vThird Series
520 _aDescribes the development of the United States government and discusses the responsibilities of each branch.
650 _aUnited States- Politics and government
_vJuvenile Literature
650 _aSeperation of powers - United States
_vJuvenile Literature
942 _2ddc
_cBK
_n0
999 _c7102
_d7102